000 00637nam a22001817a 4500
005 20251108164251.0
008 250721s9999 xx 000 0 ara d
082 1 4 _a621.38932/أمي
100 1 _aفهمي، أمين
245 1 0 _aصيانة و إصلاح أجهزة الأستيريو و الإنتاج الصوتي :
_bالنظم العالمية و الخاصة /
264 1 _aدمشق :
_bدار الكتاب العربي،
_c[19-].
300 _a136ص
650 1 7 _aالأجهزة الصوتية
650 1 7 _aأجهزة التسجيل
700 1 _aالعامري، فاروق محمد
942 _2ddc
_cBK
999 _c7897
_d7897